Metrologické zabezpečenie detekcie návykových látok

Saved in:
Bibliographic Details
Main Author: Král, Luděk (Author)
Other Authors: Tesař, Jiří (Thesis advisor)
Format: Manuscript Book
Language:Slovak
Czech
Published: 2025
Subjects:
Online Access:http://is.stuba.sk/zp/portal_zp.pl?podrobnosti=179161
Tags: Add Tag
No Tags, Be the first to tag this record!

MARC

LEADER 00000ntm a22000003a 4500
001 stuzp91731
003 SK-STU
005 20250830210503.3
007 ta
008 150427s2015----xo-----f-mn---000-0-slo-d
040 |a STU  |b slo 
041 0 |a cze 
100 1 |a Král, Luděk  |u 020020  |4 aut  |U SjF Strojnícka fakulta  |T SjF Ústav automatizácie, informatizácie a merania  |X 122907  |U J0020  |Y 802  |7 122907 
242 0 1 |a Metrologické zabezpečenie detekcie návykových látok  |y slo 
242 0 1 |a Metrological assurance of addictive substances detection  |y eng 
245 1 0 |a Metrologické zabezpečenie detekcie návykových látok 
260 |c 2025 
650 4 |a detekcia  |2 slo 
650 4 |a návyková látka  |2 slo 
650 4 |a ľudský organizmus  |2 slo 
650 4 |a plynová chromatografia  |2 slo 
650 4 |a referenčný materiál  |2 slo 
650 4 |a hmotnostná spektrometria  |2 slo 
650 4 |a návyková látka  |2 cze 
650 4 |a lidský organismus  |2 cze 
650 4 |a plynová chromatografie  |2 cze 
650 4 |a referenční materiál  |2 cze 
650 4 |a hmotnostní spektrometrie  |2 cze 
650 4 |a detekce  |2 cze 
650 4 |a addictive substance  |2 eng 
650 4 |a detection  |2 eng 
650 4 |a human organism  |2 eng 
650 4 |a gas chromatography  |2 eng 
650 4 |a reference material  |2 eng 
650 4 |a mass spectrometry  |2 eng 
700 1 |a Tesař, Jiří  |u 020020  |k Z8  |4 ths  |U SjF Strojnícka fakulta  |T SjF Ústav automatizácie, informatizácie a merania  |X 5408  |U J0020  |Y 802  |7 A000005408 
856 4 |u http://is.stuba.sk/zp/portal_zp.pl?podrobnosti=179161 
996 |b 284J047781  |c J* 119750  |l JJST  |s P  |a 0  |w stuzp91731_0001